Central Library OPAC University of Rajshahi

নিউক্লীয় পদার্থ বিজ্ঞান / (Record no. 68962)

MARC details
000 -LEADER
fixed length control field 01051nam a2200241 a 4500
001 - CONTROL NUMBER
control field 68962
003 - CONTROL NUMBER IDENTIFIER
rucl marc code BD-RjUL
005 - DATE AND TIME OF LATEST TRANSACTION
control field 20211209081832.0
008 - FIXED-LENGTH DATA ELEMENTS--GENERAL INFORMATION
fixed length control field 150625s1988 bg a b 00| 0 ben d
035 ## - SYSTEM CONTROL NUMBER
System control number (BD-RjUL)69173
040 ## - CATALOGING SOURCE
Original cataloging agency BD-RjUL
Transcribing agency BD-RjUL
Modifying agency BD-RjUL
Language of cataloging ben
041 1# - LANGUAGE CODE
Language code of text/sound track or separate title ben
082 04 - DEWEY DECIMAL CLASSIFICATION NUMBER
Edition number 23
Classification number 539.7
Author mark and year ISN 1988
100 1# - MAIN ENTRY--PERSONAL NAME
Personal name ইসলাম, এ. কে. এম. আজহারুল
9 (RLIN) 116971
245 10 - TITLE STATEMENT
Title নিউক্লীয় পদার্থ বিজ্ঞান /
Statement of responsibility, etc. এ. কে. এম. আজহারুল ইসলাম, এম. আমিনুল ইসলাম
250 ## - EDITION STATEMENT
Edition statement ২য় সং.
260 ## - PUBLICATION, DISTRIBUTION, ETC. (IMPRINT)
Place of publication, distribution, etc. ঢাকা :
Name of publisher, distributor, etc. বিশ্ববিদ্যালয় মঞ্জুরী কমিশন,
Date of publication, distribution, etc. ১৯৮৮
300 ## - PHYSICAL DESCRIPTION
Pagination ৫০১ পৃ.:
Illustrations চিত্র ;
Size ২১ সেমি.
650 ## - SUBJECT ADDED ENTRY--TOPICAL TERM
Topical term or geographic name as entry element নিউক্লীয় পদার্থবিজ্ঞান
9 (RLIN) 116599
Topical term or geographic name as entry element Nuclear Physics
9 (RLIN) 116600
700 ## - ADDED ENTRY--PERSONAL NAME
Personal name ইসলাম, এম. আমিনুল
942 ## - ADDED ENTRY ELEMENTS (KOHA)
Source of classification or shelving scheme Dewey Decimal Classification
Koha item type Books
Holdings
Lost status Source of classification or shelving scheme Damaged status Not for loan Collection code Permanent Location Current Location Shelving location Date acquired Source of acquisition Cost, normal purchase price Total Checkouts Full call number Date last seen Copy number Koha item type
  Dewey Decimal Classification   Not For Loan Non-fiction Central Library, University of Rajshahi Central Library, University of Rajshahi Reading Room 28/12/1989 Ureka Books, Rajshahi 200.00   B 539.7 ISN 1988 08/04/2017 C-1 Books